Statistics for The Onion's Countries by Description

Click here to take the quiz!

General Stats

  • This quiz has been taken 84 times
  • The average score is 7 of 20

Answer Stats

DescriptionCountry% Correct
A Beautiful Nazi Retirement CommunityArgentina
100%
Wah, Wah, Wah, The Turks Were Mean To UsArmenia
100%
Birthplace Of Classical MuzakAustria
100%
Why Spend Hundreds On A Name-Brand African Country?Central African Republic
100%
Preventing Argentina From Enjoying The Pacific Ocean Since 1818Chile
100%
A Human Assembly LineChina
100%
South America's MiddlemanColombia
100%
Genocide Free Since April 11, 1946Germany
100%
A Possible Likely Threat To The Free World, MaybeIran
100%
The Empty Promised LandIsrael
100%
True Rasta No Develop CountryJamaica
100%
The Baltic Drainage RegionLatvia
100%
To Hezbollah In A HandbasketLebanon
100%
Ruled By LemursMadagascar
100%
Suppressing The Urge To Chop You In Half With An AxeNorway
100%
Bram Stoker's RomaniaRomania
100%
Enjoying A Three-Century SiestaSpain
100%
Neutral... Too NeutralSwitzerland
100%
You Are Most Welcome... To Get Out Of Syria!Syria
100%
Totally Out Of This Atlas Section As Soon As The EU Accepts ThemTurkey
100%
Surging Ahead To The 19th CenturyUnited Kingdom
100%
The Land Of OpportunismUnited States
100%
At Least We're Not The Democratic Republic of CongoRepublic of Congo
83%
Would Trade It All For A Little More KashmirPakistan
80%
Why Read About Suriname?Suriname
80%
Blowing Their Pot O' Gold On WhiskeyIreland
75%
They Are Called "Kyrgyz", And It Only Goes Downhill From ThereKyrgyzstan
75%
REQUEST FOR URGENT ASSISTANCENigeria
75%
Welcome To The Official DPRK World Atlas Of North Korea Atlas Page! Nuclear Capable!North Korea
75%
Where Russians Are Sent To DieRussia
75%
Made In TaiwanTaiwan
75%
The Catholic DisneylandVatican City
75%
Allah's Cat BoxAfghanistan
67%
The Haiti Of EuropeAlbania
67%
For The United States, See Pages 9-22Canada
67%
Even More Christian Than The Other GeorgiaGeorgia
67%
So "Cold" From All The "Ice"Iceland
67%
Running 26.2 Miles From Their ProblemsKenya
67%
Goodbye, Cruel WorldLithuania
67%
Where Everything Is LegalNetherlands
67%
So We've Done A Little Ethnic CleansingSerbia
67%
The Horror... The Horror...Vietnam
67%
South Africa's South AfricaLesotho
60%
Where A Kid Can Be A Kid ProstituteThailand
60%
Where Dirt Gets The Death PenaltySingapore
57%
A Proud Tradition Of Chocolate, And Also Some Other StuffBelgium
50%
Congratulations, You Just Laughed At Thousands Of Starving PeopleDjibouti
50%
Free Admission On SundaysEgypt
50%
The Distended Belly Of AfricaEthiopia
50%
It's A Winter Wonderland!Finland
50%
2,500 Years Past Its PrimeGreece
50%
Please Hold While We Die Of MalariaIndia
50%
Oh, The Injustice!Luxembourg
50%
You Will Be Shot On SightMyanmar
50%
The Cutest Little Overpopulation CrisisNiger
50%
These A**holes Don't Belong In An AtlasSan Marino
50%
Wait, This Might Be ParaguayUruguay
50%
A Bad NeighborhoodSouth Africa
43%
Workers Of The World, Survive!Cuba
40%
Like A Zoo You Get Killed AtDemocratic Republic of the Congo
40%
They Had It ComingIraq
38%
Just Not The Same Without Civil WarAngola
33%
Yo Ho Ho And An Untraceable IncomeBarbados
33%
People At Their Most Beautiful, Humanity At Its UgliestBrazil
33%
Badly In Need of A SaviorEl Salvador
33%
United In Circular DancingEstonia
33%
Fighting AIDS With Bamboo SpearsEswatini
33%
A Lush and Diverse Crime SceneHonduras
33%
Soon To Be UnderwaterMaldives
33%
Where The Rich Can Strike It RicherMonaco
33%
Don't Breathe The AirSlovakia
33%
#1 At Being #2South Korea
33%
Please Remove Your Shoes Before Reading ThisBhutan
25%
Where The Streets Are Paved With SkullsCambodia
25%
Huddled In The Corner Of AfricaGuinea
25%
What Are You Looking At?Italy
25%
An Allah-Inclusive Terrorist ResortMalaysia
25%
A Lucky, Lucky NationNamibia
25%
Your Sons Won't Be Sent HereOman
25%
Always With The G**d*** Pan FlutesPeru
25%
A Blood Diamond Is ForeverSierra Leone
25%
Please Don't Feed The HumansTanzania
25%
Fleeting Survival Of The FittestEcuador
20%
Right On The EquatorishEquatorial Guinea
20%
Going Through A Rebellious PhaseEritrea
20%
Working The Cradle-To-The-Grave ShiftIndonesia
20%
Warning: This Page Will Self-Destruct In 10 SecondsLibya
20%
A Mystical Land Of JunkMorocco
20%
In A World... Where Nothing Is What It Seems...New Zealand
20%
Living Fat Off The LandSamoa
20%
Warning: Do Not Lend This Nation MoneySao Tome and Principe
20%
Terrorism's Farm TeamAlgeria
0%
The Outlet Mall Of EuropeAndorra
0%
Let Us Plan Your Next WeddingAntigua and Barbuda
0%
As Seen On Animal PlanetAustralia
0%
A Hotbed Of Islamic ExtremismAzerbaijan
0%
This Luggage Isn't Going To Move ItselfBahamas
0%
Running On FumesBahrain
0%
God's Practical JokeBangladesh
0%
Inhabitable By 2307Belarus
0%
A Nation In SmithereensBelize
0%
What The F*** Are These Other Countries Thinking?Benin
0%
Living High Off The LandBolivia
0%
Partners In War CrimeBosnia And Herzegovina
0%
The Final Resting Place Of BotswanaBotswana
0%
A Money-Rich NationBrunei
0%
Ancestral Home Of The GoonsBulgaria
0%
Where The Reading Rainbow EndsBurkina Faso
0%
The Completist's GenocideBurundi
0%
You'll Only Find It On A MapCameroon
0%
Demoted To The Fourth WorldCape Verde
0%
Where Even The Elephants Take BrinesChad
0%
By Estée LauderComoros
0%
Properties Available, Inquire TodayCosta Rica
0%
Where All Roads Lead To Serious InjuryCroatia
0%
A Country Divided Exactly In HalfCyprus
0%
Where People Go To Say They've BeenCzech Republic
0%
We're Happy Because You're Not HereDenmark
0%
We Have No BeachesDominica
0%
A Great Ballpark In A Bad NeighborhoodDominican Republic
0%
A Country That Got Some Sense Bombed Into ItEast Timor
0%
One Nation Above GodFrance
0%
President Bongo's Private ResidenceGabon
0%
Come On In-- The Water's Fine!Gambia
0%
In Africa's Success Story, A Hidden GenocideGhana
0%
Wrong Side Of The Spice RackGrenada
0%
Currently In A Battered-Nation ShelterGuatemala
0%
Keep Your Chin Up!Guinea Bissau
0%
A History Of Exploitation And Colonialism Marred By Mass SuicideGuyana
0%
Plight Of The Living DeadHaiti
0%
Must Be 18 Years Or Older To EnterHungary
0%
Unstable At LastIvory Coast
0%
So Sorry For Getting NukedJapan
0%
Home Of The Lovely Queen RaniaJordan
0%
A Huge Waste Of SpaceKazakhstan
0%
An Island, A Palm Tree, And One GuyKiribati
0%
On Loan From The U.S.Kuwait
0%
A Mud HoleLaos
0%
Escaping The American DreamLiberia
0%
A Neighbor You Can Bank OnLiechtenstein
0%
Not To Be Confused With MacedoniaMacedonia
0%
Come For The Food Shortages, Stay Because You've DiedMalawi
0%
Conveniently Located In The Middle Of F***ing NowhereMali
0%
An Agoraphobic's HellMalta
0%
A Popular Nuke DestinationMarshall Islands
0%
Holy Living F***-- They Still Have Slaves HereMauritania
0%
An Island Nation, Not A DiseaseMauritius
0%
Now Hiring 2.4 Million BusboysMexico
0%
Europe's BasementMoldova
0%
Once A Mighty Atlas EntryMongolia
0%
Just Getting Out Of A Bad International RelationshipMontenegro
0%
From Rags To TattersMozambique
0%
Earth's CrawlspaceNepal
0%
Up, Up, Down, Down, Left, Right, Left, Right, B, A, Select, StartNicaragua
0%
An Island Of MoochersPalau
0%
A Shortcut With Its Own National AnthemPanama
0%
A Dangerous Place To Have A NeckPapua New Guinea
0%
Latitude 27 South, Longitude 57 West-- That's All We've GotParaguay
0%
Rotate Page 360 Degrees To ReadPoland
0%
Still Searching For IndiaPortugal
0%
Hard-Hitting, Explosive NewsQatar
0%
The Land That Time, Newsweek, and USA Today ForgotRwanda
0%
All Is ForbiddenSaudi Arabia
0%
Please... Give Us.... Water...Senegal
0%
Definitely Possibly A CountrySeychelles
0%
Manufacturing Crates Since 1837Slovenia
0%
A Forward-Thinking Post-Apocalyptic NationSomalia
0%
It's All Your FaultSri Lanka
0%
One Doesn't BlowSt. Kitts and Nevia
0%
Uncharted Desert Island EconomySt. Lucia
0%
The Worst Of Both WorldsSt. Vincent and the Grenadines
0%
All Better Now Thanks To YouSudan
0%
Nobel Prize Winner For Great CheekbonesSweden
0%
Making Its Own Sad, Poor WayTajikistan
0%
A To-Go NationTogo
0%
Okay, We Made This One UpTonga
0%
How Low Can A Country Go?Trinidad and Tobago
0%
A Muslim Woman's Dream HellTunisia
0%
Long Live The Late President Niyazov!Turkmenistan
0%
No Child Left AliveUganda
0%
The Bridebasket Of EuropeUkraine
0%
The World's Only Seven Star NationUnited Arab Emirates
0%
About UzbekistanUzbekistan
0%
An Island Unto ItselfVanuatu
0%
F*** EveryoneVenezuela
0%
Doing Terrorism's Grunt WorkYemen
0%
No Fat ChicksZambia
0%
Driven From A Land That Was Wrongfully TheirsZimbabwe
0%

Score Distribution

Percentile by Number Answered

Percent of People with Each Score

Your Score History

You have not taken this quiz